=LDR 00000nam 2200000 4500 =001 INLIS000000000004257 =005 20250703075826 =035 ##$$a 0010-0725000068 =007 ta =008 250703################f##########0#ind## =082 ##$$a 304.66 =084 ##$$a 304.66 BAD h =245 1#$$a Hasil Seminar Peningkatan Peranan Pers dan Penulis Dalam Program KB Nasional /$c BADAN KOORDINASI KELUARGA BERENCANA NASIONAL =260 ##$$a Jakarta :$b Badan Koordinasi Keluarga Berencana Nasional,$c 1985 =300 ##$$a 184 hlm. =650 #4$$a Peranan Pers dan Penulis =650 #4$$a Program KB =110 2#$$a BADAN KOORDINASI KELUARGA BERENCANA NASIONAL =856 ##$$a Perpustakaan Kemendukbangga